| 000 | 00548nam a22001577a 4500 | ||
|---|---|---|---|
| 008 | 160613b xxu||||| |||| 00| 0 eng d | ||
| 020 | _a9781590563120 | ||
| 082 |
_22011 _aDC 291.4 _bOk41s |
||
| 100 |
_910206 _aOkawa, Ryuho |
||
| 245 |
_aThe starting point of hapiness: _ba practical and intuitive guide to discovering love, wisdom, and faith/ _cRyuho Okawa. |
||
| 260 |
_aNew York: _bLantern Books, A Division of Booklight, _cc2011. |
||
| 300 |
_avii, 86 pages; _c22 cm. |
||
| 650 | 0 |
_910207 _aHappiness |
|
| 650 | 0 |
_910208 _aLove |
|
| 942 |
_2ddc _cDC |
||
| 999 |
_c3060 _d3060 |
||